000 00700nam a22002057a 4500
005 20251108173512.0
008 250721s2007 xx 000 0 ara d
020 _a9957322990
082 1 4 _a371.2/عنا
100 1 _aالعناتي، ختام
245 1 0 _aالإتصال المؤسسي في الفكر التربوي : بين النظرية و التطبيق /
264 1 _aعمان :
_bدار الحامد للنشرو التوزيع،
_c2007.
300 _a297 ص.
650 1 7 _aعلم النفس التربوي
650 1 7 _aالفكر التربوي
650 1 7 _aالمؤسسات التعليمية
700 1 _aالعياصرة، علي
942 _2ddc
_cBK
999 _c105449
_d105449